[Event "Oberliga NRW 1516"]
[Site "Germany"]
[Date "2016.03.06"]
[Round "7.4"]
[White "Litwak, Aleksej"]
[Black "Marcziter, Dmitrii"]
[Result "1/2-1/2"]
[WhiteElo "2270"]
[BlackElo "2226"]
[PlyCount "124"]
[EventDate "2015.09.27"]
[EventType "team-tourn"]
[EventRounds "9"]
[EventCountry "GER"]
[SourceTitle "EXT 2017"]
[Source "ChessBase"]
[SourceDate "2016.10.25"]
[SourceVersion "1"]
[SourceVersionDate "2016.10.25"]
[SourceQuality "1"]
[WhiteTeam "Oberhausen"]
[BlackTeam "Aachen Aufwaerts II"]
[WhiteTeamCountry "GER"]
[BlackTeamCountry "GER"]

1. e4 c5 2. Nf3 e6 3. d4 cxd4 4. Nxd4 a6 5. Bd3 Nf6 6. 0-0 Qc7 7. c4 d6 8. Nc3 g6 9. Qe2 Bg7 10. Nf3 Nbd7 11. Rd1 0-0 12. Bf4 Ne5 13. Nxe5 dxe5 14. Be3 Bd7 15. b4 Nh5 16. Bc5 Rfc8 17. Bc2 Bf8 18. Bxf8 Rxf8 19. c5 b6 20. Ba4 b5 21. Bb3 Bc6 22. g3 Rad8 23. a4 Qb7 24. axb5 axb5 25. Qe3 Ng7 26. Rd6 Ra8 27. Ra2 Kh8 28. Rxa8 Qxa8 29. Bc2 Qe8 30. Bd3 f5 31. Qe2 f4 32. f3 fxg3 33. hxg3 Nh5 34. Kg2 Qe7 35. Qe3 Be8 36. Ne2 g5 37. Bc2 Qf6 38. Rd1 Rg8 39. Qc3 Rf8 40. Bb3 Bg6 41. Qe3 Rg8 42. c6 Nf4+ 43. Kf2 Nh3+ 44. Ke1 g4 45. fxg4 Ng5 46. c7 Bxe4 47. Rd7 Rc8 48. Qb6 Nf3+ 49. Kd1 Qh6 50. Rd8+ Kg7 51. Rd7+ Kh8 52. Ng1 Nxg1 53. Qxg1 Bf3+ 54. Kc2 Be4+ 55. Kb2 Qf6 56. Qd1 Bd5 57. Bxd5 exd5 58. Qxd5 Qf2+ 59. Qd2 Qxd2+ 60. Rxd2 Rxc7 61. Rd5 Rc4 62. Rxb5 Rxg4 1/2-1/2

[Event "Oberliga NRW 1516"]
[Site "Germany"]
[Date "2016.01.10"]
[Round "5.4"]
[White "Litwak, Aleksej"]
[Black "Wolter, Kai"]
[Result "1/2-1/2"]
[WhiteElo "2270"]
[BlackElo "2249"]
[PlyCount "60"]
[EventDate "2015.09.27"]
[EventType "team-tourn"]
[EventRounds "9"]
[EventCountry "GER"]
[SourceTitle "EXT 2017"]
[Source "ChessBase"]
[SourceDate "2016.10.25"]
[SourceVersion "1"]
[SourceVersionDate "2016.10.25"]
[SourceQuality "1"]
[WhiteTeam "Oberhausen"]
[BlackTeam "Muenster"]
[WhiteTeamCountry "GER"]
[BlackTeamCountry "GER"]

1. e4 c5 2. Nf3 e6 3. d4 cxd4 4. Nxd4 Nc6 5. Nc3 Qc7 6. Be2 a6 7. 0-0 Nf6 8. Be3 Bb4 9. Na4 Be7 10. Nxc6 bxc6 11. Nb6 Rb8 12. Nxc8 Qxc8 13. Bd4 c5 14. Be5 Rb6 15. b3 0-0 16. Qd3 d6 17. Bb2 d5 18. exd5 Nxd5 19. Rad1 Bf6 20. Bxf6 Nxf6 21. Bf3 Qc7 22. Rfe1 h6 23. g3 a5 24. Qc3 Rbb8 25. Qe5 Rfc8 26. Qxc7 Rxc7 27. Re5 Kf8 28. Rd6 Nd7 29. Re3 Rb6 30. Rd2 Ke7 1/2-1/2

[Event "Oberliga NRW 1516"]
[Site "Germany"]
[Date "2015.11.22"]
[Round "3.3"]
[White "Adamski, Jan"]
[Black "Litwak, Aleksej"]
[Result "1-0"]
[WhiteElo "2267"]
[BlackElo "2270"]
[PlyCount "109"]
[EventDate "2015.09.27"]
[EventType "team-tourn"]
[EventRounds "9"]
[EventCountry "GER"]
[SourceTitle "EXT 2017"]
[Source "ChessBase"]
[SourceDate "2016.10.25"]
[SourceVersion "1"]
[SourceVersionDate "2016.10.25"]
[SourceQuality "1"]
[WhiteTeam "Letmathe"]
[BlackTeam "Oberhausen"]
[WhiteTeamCountry "GER"]
[BlackTeamCountry "GER"]

1. Nf3 Nf6 2. c4 e6 3. g3 d5 4. Bg2 Be7 5. d4 0-0 6. Qc2 c6 7. 0-0 Nbd7 8. b3 b6 9. Rd1 Bb7 10. Nc3 Rc8 11. e4 c5 12. exd5 exd5 13. Bb2 Re8 14. Nxd5 Nxd5 15. cxd5 Bxd5 16. dxc5 Rxc5 17. Qd2 Qa8 18. b4 Bxf3 19. Bxf3 Qxf3 20. bxc5 Bxc5 21. Re1 Rc8 22. Bd4 h5 23. Bxc5 Nxc5 24. Re3 Qf5 25. Rae1 Ne6 26. Re5 Qf6 27. h4 g6 28. Kg2 Rc4 29. R1e4 Rc8 30. Rd5 Nc5 31. Re1 Qc6 32. Kg1 Ne6 33. Rd7 Rc7 34. Rxc7 Qxc7 35. Rc1 Nc5 36. Qd5 Qe7 37. Rd1 Kg7 38. Qd4+ Qf6 39. f3 Qxd4+ 40. Rxd4 Kf6 41. Kf2 Ke6 42. Ke3 Nd7 43. Rd2 a5 44. Kd4 Kd6 45. Rb2 Kc6 46. g4 b5 47. gxh5 gxh5 48. Rg2 f6 49. Rg6 b4 50. Rh6 a4 51. Rxh5 b3 52. axb3 axb3 53. Kc3 Ne5 54. Rxe5 fxe5 55. h5 1-0

[Event "Berlin Maccabi op"]
[Site "Berlin"]
[Date "2015.08.02"]
[Round "5"]
[White "Petrovski, Aleksandar"]
[Black "Litwak, Aleksej"]
[Result "1/2-1/2"]
[WhiteElo "2194"]
[BlackElo "2288"]
[PlyCount "71"]
[EventDate "2015.07.29"]
[EventType "swiss"]
[EventRounds "7"]
[EventCountry "GER"]
[SourceTitle "CBM 167 Extra"]
[Source "ChessBase"]
[SourceDate "2015.09.14"]
[SourceVersion "1"]
[SourceVersionDate "2015.09.14"]
[SourceQuality "1"]

1. e4 c5 2. Nf3 e6 3. g3 d5 4. exd5 exd5 5. Bg2 Nf6 6. 0-0 Be7 7. d4 0-0 8. Re1 Nc6 9. Nc3 Bg4 10. dxc5 Bxc5 11. h3 Bh5 12. g4 Bg6 13. Na4 Be7 14. Be3 Ne4 15. Nd4 Qa5 16. c3 Rac8 17. b4 Qd8 18. f3 Nd6 19. Nxc6 bxc6 20. Bxa7 Bh4 21. Bb6 Qg5 22. Be3 Qe7 23. Re2 Rfe8 24. Kf1 Nc4 25. Bd4 Qg5 26. Nb6 Nxb6 27. Bxb6 d4 28. Rxe8+ Rxe8 29. Qxd4 h5 30. a4 f5 31. gxh5 Bxh5 32. Qg1 Qg3 33. Qf2 Qf4 34. Qd4 Qg3 35. Qf2 Qf4 36. Qd4 1/2-1/2

[Event "Berlin Maccabi op"]
[Site "Berlin"]
[Date "2015.07.31"]
[Round "4"]
[White "Litwak, Aleksej"]
[Black "Lagunow, Raphael"]
[Result "1/2-1/2"]
[WhiteElo "2288"]
[BlackElo "2179"]
[PlyCount "117"]
[EventDate "2015.07.29"]
[EventType "swiss"]
[EventRounds "7"]
[EventCountry "GER"]
[SourceTitle "CBM 167 Extra"]
[Source "ChessBase"]
[SourceDate "2015.09.14"]
[SourceVersion "1"]
[SourceVersionDate "2015.09.14"]
[SourceQuality "1"]

1. e4 c5 2. Nf3 Nc6 3. d4 cxd4 4. Nxd4 g6 5. c4 Bg7 6. Be3 Nf6 7. Nc3 d6 8. Be2 0-0 9. 0-0 Nd7 10. Rb1 a5 11. b3 Nc5 12. a3 Bd7 13. b4 axb4 14. axb4 Ne6 15. Ndb5 Ra6 16. f4 g5 17. g3 gxf4 18. gxf4 Bh6 19. Qe1 Kh8 20. Qh4 Rg8+ 21. Kh1 Qf8 22. Rf3 Ned8 23. Rg3 e5 24. Rxg8+ Kxg8 25. Rg1+ Kh8 26. fxe5 Bg7 27. exd6 Ne6 28. Nd5 Qd8 29. Qh5 Ra2 30. Nbc3 Rc2 31. Bd3 Rxc3 32. Nxc3 Nxb4 33. Bb1 Bxc3 34. Qxf7 Qe8 35. Rf1 Be5 36. c5 Nc6 37. Ba2 Ncd8 38. Qf3 Bg7 39. Bd5 Bc6 40. Qf5 Qg6 41. Qxg6 hxg6 42. Bf2 Kh7 43. Rb1 g5 44. h4 Kg6 45. Rg1 Kh5 46. hxg5 Nxg5 47. Be3 Nge6 48. Rg3 Be5 49. Rh3+ Kg4 50. Kg2 Bf4 51. Bf2 Be5 52. Rh4+ Kg5 53. Kf3 Nd4+ 54. Bxd4 Bxd4 55. Rg4+ Kf6 56. Rg8 Ne6 57. d7 Bxd7 58. Bxb7 Bxc5 59. Bd5 1/2-1/2

[Event "Berlin Maccabi op"]
[Site "Berlin"]
[Date "2015.07.29"]
[Round "2"]
[White "Litwak, Aleksej"]
[Black "Meier, Georg"]
[Result "0-1"]
[WhiteElo "2288"]
[BlackElo "2654"]
[PlyCount "122"]
[EventDate "2015.07.29"]
[EventType "swiss"]
[EventRounds "7"]
[EventCountry "GER"]
[SourceTitle "CBM 167 Extra"]
[Source "ChessBase"]
[SourceDate "2015.09.14"]
[SourceVersion "1"]
[SourceVersionDate "2015.09.14"]
[SourceQuality "1"]

1. e4 c5 2. Nf3 e6 3. d4 cxd4 4. Nxd4 a6 5. Bd3 Bc5 6. Nb3 Be7 7. 0-0 d6 8. Qe2 Nf6 9. c4 Nc6 10. Nc3 Ne5 11. f4 Nxd3 12. Qxd3 0-0 13. f5 Nd7 14. Qg3 Kh8 15. Bf4 e5 16. Be3 b5 17. Nd2 Nb6 18. Nd5 Nxc4 19. Nxc4 bxc4 20. Nb6 Rb8 21. Nxc4 Bb7 22. Qg4 f6 23. Rfd1 Qe8 24. Nxd6 Bxd6 25. Rxd6 Rd8 26. Rxd8 Qxd8 27. Rd1 Qc8 28. h4 Rd8 29. Rc1 Qd7 30. Bb6 Rc8 31. Rxc8+ Qxc8 32. b4 Qc4 33. Qd1 Qxa2 34. Qd8+ Qg8 35. Qd7 Bxe4 36. g4 h6 37. g5 fxg5 38. hxg5 hxg5 39. Qd8 Bxf5 40. Qxg8+ Kxg8 41. Bd8 g4 42. Bc7 e4 43. Kf2 Kf7 44. Ke3 Ke6 45. Kd4 Kd7 46. Bf4 Kc6 47. Be3 Kb5 48. Kc3 g3 49. Bg1 g2 50. Be3 Bg4 51. Bg1 Be2 52. Be3 Ka4 53. Bc5 Bb5 54. Bg1 Ka3 55. Be3 Bd3 56. Bd4 Ka2 57. Bg1 Kb1 58. Be3 g6 59. Kd2 Kb2 60. Ke1 Kb3 61. Bc5 Kc4 0-1

[Event "NRW Class1 1415"]
[Site "Germany"]
[Date "2015.04.26"]
[Round "9.4"]
[White "Litwak, Aleksej"]
[Black "Neuer, Thomas"]
[Result "1-0"]
[WhiteElo "2243"]
[BlackElo "2043"]
[PlyCount "119"]
[EventDate "2014.09.14"]
[EventType "team-tourn"]
[EventRounds "9"]
[EventCountry "GER"]
[SourceTitle "EXT 2017"]
[Source "ChessBase"]
[SourceDate "2016.10.25"]
[SourceVersion "1"]
[SourceVersionDate "2016.10.25"]
[SourceQuality "1"]
[WhiteTeam "Oberhausen"]
[BlackTeam "Muenster II"]
[WhiteTeamCountry "GER"]
[BlackTeamCountry "GER"]

1. e4 e6 2. d4 d5 3. Nd2 c5 4. exd5 exd5 5. Ngf3 Nc6 6. Bb5 Qe7+ 7. Be2 Qc7 8. 0-0 Nf6 9. c4 Be6 10. Qa4 Be7 11. Nb3 Nd7 12. dxc5 Nxc5 13. Nxc5 Bxc5 14. cxd5 Bxd5 15. Bf4 Qb6 16. Rad1 Bxf3 17. Bxf3 0-0 18. Rd7 Qxb2 19. Qc4 Qb4 20. Qxb4 Nxb4 21. Rxb7 Rad8 22. Rb5 Nd3 23. Be3 Bxe3 24. fxe3 Rb8 25. Rfb1 Rxb5 26. Rxb5 Rc8 27. h4 g6 28. Rb7 a5 29. Bd5 Rc1+ 30. Kh2 Ne5 31. Re7 Ng4+ 32. Kg3 Nh6 33. e4 Rc3+ 34. Kf4 Kf8 35. Ra7 Rc5 36. g4 f5 37. g5 fxe4 38. Kxe4 Nf5 39. Rf7+ Ke8 40. Rxh7 Rc3 41. Bf7+ Kf8 42. Bxg6 Nxh4 43. Bh5 Rc5 44. Rf7+ Kg8 45. Rf4 Ng2 46. Rg4 Ne1 47. Rg1 Nc2 48. Bd1 Kg7 49. Rg2 Nb4 50. a3 Nc6 51. Rc2 Re5+ 52. Kf4 Re6 53. Bf3 Nd4 54. Rc7+ Kf8 55. Bg4 Re1 56. Rc4 Nb5 57. Ra4 Ra1 58. Rxa5 Nxa3 59. g6 Rf1+ 60. Kg5 1-0

[Event "NRW Class1 1415"]
[Site "Germany"]
[Date "2015.02.08"]
[Round "6.4"]
[White "Broehl, Stephan"]
[Black "Litwak, Aleksej"]
[Result "0-1"]
[WhiteElo "2132"]
[BlackElo "2243"]
[PlyCount "76"]
[EventDate "2014.09.14"]
[EventType "team-tourn"]
[EventRounds "9"]
[EventCountry "GER"]
[SourceTitle "EXT 2017"]
[Source "ChessBase"]
[SourceDate "2016.10.25"]
[SourceVersion "1"]
[SourceVersionDate "2016.10.25"]
[SourceQuality "1"]
[WhiteTeam "Niederkassel"]
[BlackTeam "Oberhausen"]
[WhiteTeamCountry "GER"]
[BlackTeamCountry "GER"]

1. e4 c5 2. Nf3 e6 3. d4 cxd4 4. Nxd4 Nf6 5. Nc3 Nc6 6. Ndb5 Bb4 7. a3 Bxc3+ 8. Nxc3 d5 9. exd5 exd5 10. Bd3 0-0 11. 0-0 d4 12. Ne2 Bg4 13. f3 Bh5 14. Nf4 Bg6 15. Nxg6 hxg6 16. f4 Ne7 17. Qf3 Qd5 18. Bd2 Nf5 19. Rae1 Rfe8 20. Rxe8+ Rxe8 21. Qxd5 Nxd5 22. Re1 Rxe1+ 23. Bxe1 Nxf4 24. Bxf5 gxf5 25. Bf2 d3 26. cxd3 Nxd3 27. Bxa7 Nxb2 28. Kf2 Nc4 29. Bc5 f6 30. Ke2 Kf7 31. Kd3 Ne5+ 32. Kd4 Ke6 33. Bb4 g5 34. Be1 f4 35. h4 f3 36. hxg5 fxg5 37. Bf2 fxg2 38. Ke4 g4 0-1